[Event "Jogos op do Parana - Japs"]
[Site "Francisco Beltrao"]
[Date "2009.10.28"]
[Round "3.4"]
[White "Zini, Jhone Marcelo"]
[Black "Bernabe, Raphael Augusto"]
[Result "1-0"]
[WhiteElo "2151"]
[BlackElo "1830"]
[PlyCount "64"]
[EventDate "2009.10.27"]
[EventType "swiss"]
[EventRounds "7"]
[EventCountry "BRA"]
[SourceTitle "EXT 2022"]
[Source "ChessBase"]
[SourceDate "2021.10.06"]
[SourceVersion "1"]
[SourceVersionDate "2021.10.06"]
[SourceQuality "1"]

1. e4 e5 2. Nf3 Nc6 3. Bb5 Nf6 4. 0-0 Be7 5. Re1 a6 6. Bxc6 dxc6 7. Nxe5 Bd6 8. Nf3 Bc5 9. c3 Qd3 10. Qe2 Qxe2 11. Rxe2 Bg4 12. d4 Bxf3 13. gxf3 Be7 14. Nd2 0-0 15. Nf1 h6 16. Ng3 Nh7 17. f4 g6 18. f5 Kg7 19. e5 f6 20. fxg6 Kxg6 21. f4 f5 22. Rg2 Rg8 23. b3 Bh4 24. Ba3 Bxg3 25. Rxg3+ Kf7 26. Kf2 h5 27. Rag1 Rg4 28. h3 Rxf4+ 29. Ke3 Re4+ 30. Kd3 Nf8 31. Rg7+ Ke8 32. Re7+ Kd8 1-0

[Event "Jogos op do Parana - Japs"]
[Site "Francisco Beltrao"]
[Date "2009.10.27"]
[Round "1.8"]
[White "Grellmann, Fabricio Stadler"]
[Black "Bernabe, Raphael Augusto"]
[Result "1-0"]
[WhiteElo "2134"]
[BlackElo "1830"]
[PlyCount "45"]
[EventDate "2009.10.27"]
[EventType "swiss"]
[EventRounds "7"]
[EventCountry "BRA"]
[SourceTitle "EXT 2022"]
[Source "ChessBase"]
[SourceDate "2021.10.06"]
[SourceVersion "1"]
[SourceVersionDate "2021.10.06"]
[SourceQuality "1"]

1. d4 d5 2. c4 Nf6 3. cxd5 Nxd5 4. e4 Nb6 5. Nc3 e6 6. Nf3 Be7 7. Bd3 c6 8. Be3 h6 9. 0-0 N8d7 10. a4 Nf6 11. Ne5 0-0 12. f4 Nbd7 13. Rf3 Nxe5 14. dxe5 Nh7 15. Qe2 f5 16. exf6 Nxf6 17. Rg3 Qe8 18. Bd4 e5 19. Bxe5 Nh5 20. Qxh5 Bc5+ 21. Kh1 Qxh5 22. Rxg7+ Kh8 23. Rg5+ 1-0